000 00340nam a22001217a 4500
999 _c4551
_d4551
008 250227b ||||| |||| 00| 0 eng d
020 _a9780448462899
082 _a979.4 HOL
100 _aHOLUB,SUSAN
_eAUTHOR
245 _aWHAT WAS THE GOLD RUSH?
260 _a345 HUDSON STREET,NEW YORK,NEW YORK 10014
_bGROSSET & DUNLAP
_c2013
942 _2ddc